000 00911nam a2200253Ia 4500
003 OSt
005 20220923220916.0
006 a|||||r|||| 00| 0
007 ta
008 220922b |||||||| |||| 00| 0 hin d
024 _a192,073
037 _cTextual
040 _aARTS
_cARTS
_bhin
041 _2hin
_ahin
082 _aS8, 152L3
100 _aशर्मा, कुमुद; त्रिवेदी, देवीदाीन
_9164788
245 0 _aसामाजिक मनोविज्ञान
246 _aSāmājik hinovijnyāna
260 _aलखनऊ
_b उत्तर प्रदेश हिन्दी अकादमी
_c1973
300 _a411पृ.
_ccm.
650 _aमनोविज्ञान
942 _hS8, 152L3
_cTEXL
_2CC
999 _c344717
_d344717